[Event "FIDE Open World Blitz 2021"]
[Site "Warsaw"]
[Date "2021.12.29"]
[Round "8.36"]
[White "Gluszko, Tomasz"]
[Black "Masternak, Grzegorz"]
[Result "1-0"]
[WhiteElo "2086"]
[BlackElo "2188"]
[Annotator "NA"]
[PlyCount "85"]
[EventDate "2021.12.29"]
[EventType "swiss"]
[EventCountry "POL"]
[Tiebreak "Cut1 Buchholz"]
[SourceTitle "playchess.com"]
[Source "ChessBase"]
[SourceQuality "1"]

1. e4 e6 2. d4 d5 3. Bd3 Nf6 4. e5 Nfd7 5. c3 c5 6. Nf3 Nc6 7. O-O Qb6 8. Bc2
Be7 9. Re1 cxd4 10. cxd4 Nb4 11. Bb3 f6 12. exf6 Nxf6 13. Nc3 O-O 14. Bg5 Nc6
15. Qd3 Bd7 16. Rad1 Rae8 17. Bh4 Bd6 18. Bg3 Bxg3 19. hxg3 Re7 20. Na4 Qd8 21.
Nc5 Bc8 22. a3 b6 23. Na4 Qd6 24. Rc1 Bd7 25. Nc3 Be8 26. Ne5 Nd8 27. Bc2 g6
28. g4 Nd7 29. Re3 Nxe5 30. dxe5 Qd7 31. Ne2 g5 32. Qd2 Rg7 33. Rc3 Qb5 34. Nd4
Qa6 35. Bb1 h6 36. Bd3 Qb7 37. Qc2 Rgf7 38. f3 Rg7 39. Rc7 Rxc7 40. Qxc7 Qxc7
41. Rxc7 Rf7 42. Rc8 Rd7 43. Bb5 1-0

[Event "FIDE Open World Blitz 2021"]
[Site "Warsaw"]
[Date "2021.12.29"]
[Round "8.37"]
[White "Kanarek, Marcel"]
[Black "Gagunashvili, Merab"]
[Result "0-1"]
[WhiteElo "2342"]
[BlackElo "2575"]
[Annotator "ChessBase"]
[PlyCount "122"]
[EventDate "2021.12.29"]
[EventType "swiss"]
[EventCountry "POL"]
[Tiebreak "Cut1 Buchholz"]
[SourceTitle "playchess.com"]
[Source "ChessBase"]
[SourceQuality "1"]

1. e4 e5 2. Nf3 Nc6 3. Bb5 a6 4. Ba4 Nf6 5. O-O b5 6. Bb3 Bc5 7. c3 d6 8. d4
Bb6 9. a4 Rb8 10. a5 Ba7 11. Be3 Bg4 12. Nbd2 O-O 13. dxe5 dxe5 14. Bxa7 Nxa7
15. h3 Bxf3 16. Nxf3 Qe7 17. Qe2 c5 18. Rfd1 c4 19. Bc2 Nc6 20. Nd2 Rfd8 21.
Nf1 Rxd1 22. Rxd1 Nxa5 23. Ne3 Nb7 24. Nf5 Qe8 25. Qe3 Rd8 26. Nxg7 Rxd1+ 27.
Bxd1 Qd8 28. Nf5 Qxd1+ 29. Kh2 Qh5 30. Qb6 Nxe4 31. g4 Qg5 32. Qxb7 Qf4+ 33.
Kh1 Qf3+ 34. Kg1 Qxf2+ 35. Kh1 Qf3+ 36. Kg1 Qf2+ 37. Kh1 Ng3+ 38. Nxg3 Qxg3 39.
Qxa6 Qxh3+ 40. Kg1 Qxg4+ 41. Kf2 Qf4+ 42. Ke2 Qe4+ 43. Kf2 Qf5+ 44. Ke2 e4 45.
Qa8+ Kg7 46. Qb8 h5 47. Ke3 h4 48. Kd4 h3 49. Qg3+ Kf6 50. Qh4+ Kg6 51. Qg3+
Kh5 52. Qg8 Kh4 53. Qg1 Qf4 54. b4 e3+ 55. Kc5 h2 56. Qe1+ Qg3 57. Qf1 Qe5+ 58.
Kb6 Qe6+ 59. Ka5 Qe4 60. Qf6+ Kg3 61. Qc6 h1=Q 0-1

[Event "FIDE Open World Blitz 2021"]
[Site "Warsaw"]
[Date "2021.12.29"]
[Round "8.37"]
[White "Sallam, Sabri Abdul-Mawla"]
[Black "Laith, Kasib"]
[Result "0-1"]
[WhiteElo "2194"]
[BlackElo "2010"]
[Annotator "NA"]
[PlyCount "46"]
[EventDate "2021.12.29"]
[EventType "swiss"]
[EventCountry "POL"]
[Tiebreak "Cut1 Buchholz"]
[SourceTitle "playchess.com"]
[Source "ChessBase"]
[SourceQuality "1"]

1. d4 d6 2. c4 Nf6 3. Nc3 g6 4. e4 Bg7 5. Nge2 O-O 6. Ng3 e5 7. d5 a5 8. Be2
Na6 9. h4 h5 10. Bg5 Qe8 11. Qd2 Nc5 12. O-O Bd7 13. Rae1 Nh7 14. Bxh5 gxh5 15.
Nxh5 f6 16. Nxg7 Kxg7 17. Bh6+ Kf7 18. Bxf8 Nxf8 19. f4 Ng6 20. f5 Nf4 21. g3
Qg8 22. Kh2 Qg4 23. Qd1 Qh3+ 0-1

[Event "FIDE Open World Blitz 2021"]
[Site "Warsaw"]
[Date "2021.12.29"]
[Round "8.38"]
[White "Ter-Sahakyan, Samvel"]
[Black "Klimkowski, Jan"]
[Result "1-0"]
[WhiteElo "2565"]
[BlackElo "2015"]
[Annotator "ChessBase"]
[PlyCount "51"]
[EventDate "2021.12.29"]
[EventType "swiss"]
[EventCountry "POL"]
[Tiebreak "Cut1 Buchholz"]
[SourceTitle "playchess.com"]
[Source "ChessBase"]
[SourceQuality "1"]

1. e4 c5 2. Nf3 d6 3. d4 cxd4 4. Nxd4 Nf6 5. Nc3 a6 6. Bg5 e6 7. f4 Be7 8. Qf3
Qc7 9. O-O-O Nbd7 10. g4 b5 11. Bxf6 Nxf6 12. g5 Nd7 13. f5 O-O 14. Rg1 b4 15.
Nce2 e5 16. f6 exd4 17. fxe7 Re8 18. Nxd4 Ne5 19. Qf2 Bg4 20. Rd2 Rxe7 21. Nf5
Rd7 22. Qd4 Bh5 23. Rg3 a5 24. Kb1 Rad8 25. Bb5 Nc6 26. Qxg7# 1-0

[Event "FIDE Open World Blitz 2021"]
[Site "Warsaw"]
[Date "2021.12.29"]
[Round "8.39"]
[White "Rapport, Richard"]
[Black "Mikhalevski, Victor"]
[Result "1-0"]
[WhiteElo "2763"]
[BlackElo "2577"]
[Annotator "ChessBase"]
[PlyCount "72"]
[EventDate "2021.12.29"]
[EventType "swiss"]
[EventCountry "POL"]
[Tiebreak "Cut1 Buchholz"]
[SourceTitle "playchess.com"]
[Source "ChessBase"]
[SourceQuality "1"]

1. e4 e5 2. Nf3 Nc6 3. g3 Nf6 4. d3 Bc5 5. Bg2 d6 6. O-O O-O 7. c3 a5 8. a4 Re8
9. Na3 d5 10. exd5 Nxd5 11. Nc4 Bg4 12. h3 Bh5 13. Re1 Nb6 14. g4 Nxc4 15. gxh5
Nb6 16. Ng5 h6 17. Ne4 Bf8 18. Qg4 Kh8 19. Qf5 Qd7 20. Ng3 Rad8 21. Qxd7 Nxd7
22. Be3 Nc5 23. Bxc5 Bxc5 24. Rad1 Re6 25. Re2 Bf8 26. Nf5 b6 27. Bxc6 Rxc6 28.
Rxe5 Rc5 29. Rxc5 bxc5 30. Ne3 Be7 31. Nc4 Rb8 32. Ra1 Ra8 33. Ra3 Bg5 34. Rb3
Rd8 35. Nxa5 Rxd3 36. Nc4 Rd8 1-0

[Event "FIDE Open World Blitz 2021"]
[Site "Warsaw"]
[Date "2021.12.29"]
[Round "8.40"]
[White "Van Foreest, Jorden"]
[Black "Wojtaszek, Radoslaw"]
[Result "1-0"]
[WhiteElo "2566"]
[BlackElo "2700"]
[Annotator "ChessBase"]
[PlyCount "107"]
[EventDate "2021.12.29"]
[EventType "swiss"]
[EventCountry "POL"]
[Tiebreak "Cut1 Buchholz"]
[SourceTitle "playchess.com"]
[Source "ChessBase"]
[SourceQuality "1"]

1. e4 c6 2. d4 d5 3. Nd2 dxe4 4. Nxe4 Bf5 5. Ng3 Bg6 6. h4 h6 7. Nf3 Nd7 8. Bd3
Bxd3 9. Qxd3 e6 10. Bd2 Ngf6 11. O-O-O Qc7 12. Ne4 O-O-O 13. Kb1 c5 14. Nxf6
Nxf6 15. Qc4 cxd4 16. Qxc7+ Kxc7 17. Ne5 Rd5 18. Nxf7 Rg8 19. Rhe1 Rf5 20. Ne5
Rxf2 21. Nd3 Rxg2 22. Nf4 Rg4 23. Nxe6+ Kc8 24. Bc3 Bd6 25. Bxd4 Bg3 26. Re3
Re8 27. Bxa7 b5 28. Bd4 Nd5 29. Re2 Bxh4 30. Re5 Bf6 31. Rxd5 Rxe6 32. Rc5+ Kb7
33. Bxf6 Rxf6 34. Rxb5+ Kc6 35. Ra5 Rd4 36. Rg1 Rg4 37. Rc1 Kb6 38. Ra8 h5 39.
b3 h4 40. Rh8 g5 41. Re1 Rg2 42. Re4 Kc5 43. a4 Kd5 44. Rc4 Rgf2 45. a5 R2f4
46. Rd8+ Ke6 47. a6 Rxc4 48. a7 Rf1+ 49. Kb2 Rxc2+ 50. Kxc2 Ra1 51. a8=Q Rxa8
52. Rxa8 h3 53. Kd3 g4 54. Ke3 1-0

[Event "FIDE Open World Blitz 2021"]
[Site "Warsaw"]
[Date "2021.12.29"]
[Round "8.41"]
[White "Jobava, Baadur"]
[Black "Santos Latasa, Jaime"]
[Result "0-1"]
[WhiteElo "2582"]
[BlackElo "2561"]
[Annotator "ChessBase"]
[PlyCount "50"]
[EventDate "2021.12.29"]
[EventType "swiss"]
[EventCountry "POL"]
[Tiebreak "Cut1 Buchholz"]
[SourceTitle "playchess.com"]
[Source "ChessBase"]
[SourceQuality "1"]

1. e4 c5 2. Nf3 d6 3. Bb5+ Nd7 4. c3 Ngf6 5. Bd3 e6 6. Bc2 b5 7. O-O Bb7 8. Re1
c4 9. a4 a6 10. axb5 axb5 11. Rxa8 Qxa8 12. Na3 Bxe4 13. Nxb5 Bxc2 14. Qxc2 Qa5
15. Nbd4 Nc5 16. h3 Be7 17. Nc6 Qa4 18. Qxa4 Nxa4 19. Nfd4 Nc5 20. Na5 d5 21.
b4 Nd3 22. Rf1 Kd7 23. f3 Ra8 24. Ndc6 Bd6 25. Ba3 Ne8 0-1

[Event "FIDE Open World Blitz 2021"]
[Site "Warsaw"]
[Date "2021.12.29"]
[Round "8.42"]
[White "Corrales Jimenez, Fidel"]
[Black "Alekseenko, Kirill"]
[Result "0-1"]
[WhiteElo "2523"]
[BlackElo "2710"]
[Annotator "ChessBase"]
[PlyCount "182"]
[EventDate "2021.12.29"]
[EventType "swiss"]
[EventCountry "POL"]
[Tiebreak "Cut1 Buchholz"]
[SourceTitle "playchess.com"]
[Source "ChessBase"]
[SourceQuality "1"]

1. d4 d5 2. c4 dxc4 3. Nf3 a6 4. e3 Bg4 5. Bxc4 e6 6. O-O Nf6 7. Nc3 Nc6 8. Be2
Bd6 9. h3 Bh5 10. Qb3 O-O 11. Rd1 Nd5 12. Ne4 f5 13. Nxd6 cxd6 14. Bd2 Qe7 15.
Be1 Rac8 16. Rac1 Kh8 17. a3 Rg8 18. Qd3 Qf6 19. Nd2 Bxe2 20. Qxe2 Qg6 21. Nf3
Nf6 22. b4 Ne7 23. b5 a5 24. Bxa5 Ned5 25. Bb4 Ne4 26. Qe1 f4 27. Rxc8 Rxc8 28.
Rc1 Rf8 29. Ne5 Qf5 30. f3 Nxe3 31. fxe4 Qxe4 32. Nf3 h6 33. Bxd6 Rf6 34. Qe2
Rg6 35. Nh4 Rg3 36. Be5 Kh7 37. Rc7 Qb1+ 38. Kf2 Nd1+ 39. Kf1 Nc3+ 40. Qe1 Qd3+
41. Kf2 Ne4+ 42. Kg1 f3 43. Nxf3 Qxf3 44. Rc2 Rg6 45. Kh2 Qd3 46. Re2 Ng5 47.
Re3 Qxb5 48. h4 Nf7 49. Bg3 Qd5 50. Re4 b5 51. Rf4 Nd6 52. Qe5 Qxe5 53. dxe5
Nc4 54. Re4 Nxa3 55. Kh3 h5 56. Bf4 Rg4 57. g3 Nc4 58. Kg2 Kg6 59. Rd4 Kf5 60.
Rd8 Nxe5 61. Rb8 Ng6 62. Rxb5+ e5 63. Be3 Nxh4+ 64. Kf2 Ng6 65. Rb8 Ra4 66. Rb7
Ra2+ 67. Kf1 Kf6 68. Bb6 e4 69. Bd8+ Kf5 70. Rxg7 Rc2 71. Rf7+ Kg4 72. Bc7 Kh3
73. Bd6 Rd2 74. Bb8 Rd5 75. Ke2 Rd3 76. Rf6 Ne7 77. Rh6 Kg4 78. Rh8 Nf5 79.
Rg8+ Kh3 80. Rg5 Nd4+ 81. Kf1 Nf3 82. Rxh5+ Kg4 83. Rh8 Rd1+ 84. Kf2 Rd2+ 85.
Ke3 Rd3+ 86. Ke2 Nd4+ 87. Ke1 e3 88. Rg8+ Kf3 89. Rf8+ Kg2 90. Ba7 Nc2+ 91. Ke2
Rd2# 0-1

[Event "FIDE Open World Blitz 2021"]
[Site "Warsaw"]
[Date "2021.12.29"]
[Round "8.43"]
[White "Saric, Ivan"]
[Black "Karjakin, Sergey"]
[Result "0-1"]
[WhiteElo "2665"]
[BlackElo "2743"]
[Annotator "ChessBase"]
[PlyCount "58"]
[EventDate "2021.12.29"]
[EventType "swiss"]
[EventCountry "POL"]
[Tiebreak "Cut1 Buchholz"]
[SourceTitle "playchess.com"]
[Source "ChessBase"]
[SourceQuality "1"]

1. e4 c5 2. Nf3 d6 3. d4 cxd4 4. Nxd4 Nf6 5. Nc3 a6 6. Bd3 e5 7. Nde2 Be7 8.
O-O O-O 9. Ng3 Be6 10. Nd5 Bxd5 11. exd5 g6 12. c4 Nbd7 13. Bh6 Re8 14. Rc1 Bf8
15. Bg5 h6 16. Bd2 h5 17. b4 a5 18. a3 axb4 19. axb4 e4 20. Bb1 h4 21. Ne2 h3
22. g3 Ne5 23. Nd4 Qb6 24. Be3 Qxb4 25. Nb5 Ra1 26. Kh1 Nf3 27. Bxe4 Rxc1 28.
Bxc1 Nxe4 29. Qxf3 Qxc4 0-1

[Event "FIDE Open World Blitz 2021"]
[Site "Warsaw"]
[Date "2021.12.29"]
[Round "8.44"]
[White "Paravyan, David"]
[Black "Gareyev, Timur"]
[Result "1/2-1/2"]
[WhiteElo "2642"]
[BlackElo "2583"]
[Annotator "ChessBase"]
[PlyCount "326"]
[EventDate "2021.12.29"]
[EventType "swiss"]
[EventCountry "POL"]
[Tiebreak "Cut1 Buchholz"]
[SourceTitle "playchess.com"]
[Source "ChessBase"]
[SourceQuality "1"]

1. e4 Nf6 2. Nc3 e5 3. Nf3 Bc5 4. Nxe5 Nc6 5. Nf3 O-O 6. d4 Bb4 7. Bg5 Re8 8.
Bd3 Bxc3+ 9. bxc3 Nxe4 10. Bxd8 Nxc3+ 11. Kf1 Nxd1 12. Bxc7 Nb2 13. Bb5 a6 14.
Be2 b5 15. c3 Bb7 16. Bd6 Rac8 17. Nd2 Na4 18. Bf3 Nxc3 19. Nb3 Nd8 20. Bg4 Bd5
21. h4 Be6 22. Bf3 Nxa2 23. Nc5 Bc4+ 24. Kg1 Ne6 25. Nxa6 Nxd4 26. Bb7 Nc2 27.
Rb1 Nc3 28. Rb2 Ne2+ 29. Kh2 Ncd4 30. Bxc8 Rxc8 31. Re1 Rc6 32. Be5 Re6 33.
Bxd4 Nxd4 34. Rd1 Nf3+ 35. gxf3 Rxa6 36. Rxd7 g6 37. Kg3 h5 38. Rbd2 Rf6 39.
Rc7 Kg7 40. Rd4 Rf5 41. Rcd7 Be6 42. R7d6 Rc5 43. Rb6 Rf5 44. Re4 Rc5 45. Re3
Rf5 46. Rb7 Kf6 47. Rb6 Kg7 48. Re4 Bc4 49. Rd6 Rc5 50. Rd7 Rf5 51. Rc7 Rd5 52.
Rf4 Rd1 53. Kg2 Rd6 54. Kg3 Rd1 55. Kg2 Rd6 56. Rb7 Rd1 57. Rb6 Rd7 58. Re4 Rc7
59. Kg3 Rd7 60. Re5 Rd3 61. Re3 Rd7 62. f4 Rd5 63. Rb7 Rd1 64. f5 Rg1+ 65. Kh2
Rg4 66. fxg6 Rxh4+ 67. Kg3 Rg4+ 68. Kh2 Rxg6 69. Re5 Rf6 70. Kg1 Rg6+ 71. Kh2
Rf6 72. Kg2 Rg6+ 73. Kf3 Rf6+ 74. Kg3 Rg6+ 75. Kh4 Rf6 76. Rg5+ Kf8 77. Kg3 h4+
78. Kxh4 Rxf2 79. Rc5 Rf6 80. Kg5 Rg6+ 81. Kf4 Rf6+ 82. Ke5 Re6+ 83. Kd4 Rd6+
84. Ke4 Rf6 85. Rb8+ Kg7 86. Rg5+ Rg6 87. Rc5 Re6+ 88. Kf4 Rf6+ 89. Ke3 Re6+
90. Kf2 Re2+ 91. Kf3 Re6 92. Kf4 Rf6+ 93. Ke3 Re6+ 94. Kd4 Rd6+ 95. Kc3 Rd3+
96. Kb4 Rb3+ 97. Ka5 Ra3+ 98. Kb6 Rg3 99. Rd8 Rg6+ 100. Ka5 Rg3 101. Rd4 Ra3+
102. Kb6 Rg3 103. Rf4 Rg6+ 104. Ka5 Rg3 105. Rc7 Ra3+ 106. Kb4 Rb3+ 107. Kc5
Rg3 108. Ra7 Rg5+ 109. Kb4 Rg3 110. Ra1 Rb3+ 111. Kc5 Rg3 112. Rd4 Rg5+ 113.
Kb4 Rg3 114. Rd8 Rb3+ 115. Kc5 Rg3 116. Raa8 Rg5+ 117. Kd4 Kf6 118. Ke4 Re5+
119. Kf4 Rf5+ 120. Ke3 Re5+ 121. Kd4 Re1 122. Kc5 Re5+ 123. Kb4 Re3 124. Ra6+
Kg7 125. Rd2 Rb3+ 126. Kc5 Rg3 127. Rb6 Rg5+ 128. Kb4 Rg4 129. Rbd6 Rg5 130.
R6d4 Rg6 131. Rf2 Rg3 132. Rdf4 Rb3+ 133. Kc5 Rg3 134. Kd4 Rg5 135. Rh2 Be6
136. Kc3 Rc5+ 137. Kb2 Rc4 138. Rg2+ Kf8 139. Rf6 Ke7 140. Rh6 b4 141. Rh5 Rc6
142. Re2 Ra6 143. Re4 Ra2+ 144. Kb1 b3 145. Rb5 Kd6 146. Rf4 Re2 147. Kc1 Kc6
148. Rb8 Rc2+ 149. Kb1 Kd6 150. Rb6+ Ke5 151. Rf3 Ke4 152. Rf1 Re2 153. Rb4+
Kd3 154. Rf3+ Kd2 155. Rh4 Ke1 156. Rh1+ Kd2 157. Rh4 Re1+ 158. Kb2 Re2 159.
Kb1 Re1+ 160. Kb2 Re2 161. Kb1 Re1+ 162. Kb2 Re2 163. Kb1 Re1+ 1/2-1/2

[Event "FIDE Open World Blitz 2021"]
[Site "Warsaw"]
[Date "2021.12.29"]
[Round "8.45"]
[White "Riazantsev, Alexander"]
[Black "Petrosyan, Manuel"]
[Result "0-1"]
[WhiteElo "2634"]
[BlackElo "2599"]
[Annotator "ChessBase"]
[PlyCount "80"]
[EventDate "2021.12.29"]
[EventType "swiss"]
[EventCountry "POL"]
[Tiebreak "Cut1 Buchholz"]
[SourceTitle "playchess.com"]
[Source "ChessBase"]
[SourceQuality "1"]

1. d4 Nf6 2. Nf3 d5 3. c4 e6 4. Qc2 h6 5. Bf4 Bd6 6. Bxd6 Qxd6 7. Nc3 a6 8.
O-O-O Nbd7 9. c5 Qe7 10. e4 dxe4 11. Nxe4 Nxe4 12. Qxe4 Nf6 13. Qe5 b6 14. c6
Qd6 15. Qxd6 cxd6 16. Bd3 Nd5 17. Kd2 Nb4 18. Rc1 Nxa2 19. Ra1 Nb4 20. Rhc1 Ra7
21. Bb5 Ke7 22. Ra3 Rc7 23. Ra4 a5 24. Ra3 Ba6 25. Bxa6 Nxa6 26. d5 e5 27. Rc4
Nb4 28. Rxb4 axb4 29. Ra6 Rb8 30. Kc2 f5 31. Nd2 b5 32. Kb3 e4 33. Kxb4 Kf6 34.
f4 g5 35. g3 gxf4 36. gxf4 e3 37. Nf3 e2 38. Ra1 Re7 39. Re1 Re4+ 40. Ka5 Ra4#
0-1

[Event "FIDE Open World Blitz 2021"]
[Site "Warsaw"]
[Date "2021.12.29"]
[Round "8.46"]
[White "Dreev, Aleksey"]
[Black "Ponkratov, Pavel"]
[Result "1-0"]
[WhiteElo "2635"]
[BlackElo "2662"]
[Annotator "ChessBase"]
[PlyCount "51"]
[EventDate "2021.12.29"]
[EventType "swiss"]
[EventCountry "POL"]
[Tiebreak "Cut1 Buchholz"]
[SourceTitle "playchess.com"]
[Source "ChessBase"]
[SourceQuality "1"]

1. d4 Nf6 2. Nf3 c5 3. d5 b5 4. Bg5 Qb6 5. Nc3 b4 6. Na4 Qa5 7. Bxf6 gxf6 8. b3
f5 9. e3 Bg7 10. Rc1 d6 11. Bd3 e6 12. O-O Nd7 13. dxe6 fxe6 14. Ng5 Nf6 15.
Be2 d5 16. c3 O-O 17. cxb4 cxb4 18. Rxc8 Rfxc8 19. Nxe6 Bh8 20. Bd3 Ne4 21. Qh5
Re8 22. Qxf5 Nf6 23. g4 Re7 24. g5 Nh5 25. Rc1 Rae8 26. Rc5 1-0

[Event "FIDE Open World Blitz 2021"]
[Site "Warsaw"]
[Date "2021.12.29"]
[Round "8.47"]
[White "Hovhannisyan, Robert"]
[Black "Holm, Kristian Stuvik"]
[Result "1/2-1/2"]
[WhiteElo "2622"]
[BlackElo "2471"]
[Annotator "ChessBase"]
[PlyCount "86"]
[EventDate "2021.12.29"]
[EventType "swiss"]
[EventCountry "POL"]
[Tiebreak "Cut1 Buchholz"]
[SourceTitle "playchess.com"]
[Source "ChessBase"]
[SourceQuality "1"]

1. e4 c5 2. Nf3 g6 3. d4 cxd4 4. Nxd4 Bg7 5. c4 Nc6 6. Be3 Qb6 7. Nb3 Qd8 8.
Qd2 Nf6 9. Nc3 Ng4 10. Bf4 d6 11. Be2 O-O 12. O-O Be6 13. Nd5 a5 14. Bxg4 Bxg4
15. Be3 a4 16. Nd4 Be6 17. Rac1 Bxd5 18. exd5 Nxd4 19. Bxd4 Qa5 20. Rc3 Bxd4
21. Qxd4 Qb4 22. Rb1 Rfc8 23. a3 Qc5 24. Qe4 Rc7 25. h4 h5 26. g4 hxg4 27. Qxg4
Kg7 28. h5 Rg8 29. hxg6 fxg6 30. Re1 Rf8 31. Qh4 Rf6 32. Rh3 Kf7 33. Ree3 Qxc4
34. Qxc4 Rxc4 35. Rh7+ Kg8 36. Rexe7 Rc1+ 37. Kg2 Rc2 38. Reg7+ Kf8 39. Rxb7
Rcxf2+ 40. Kg3 R2f3+ 41. Kg4 R3f4+ 42. Kg3 Rf3+ 43. Kg2 Rf2+ 1/2-1/2

[Event "FIDE Open World Blitz 2021"]
[Site "Warsaw"]
[Date "2021.12.29"]
[Round "8.48"]
[White "Asadli, Vugar"]
[Black "Bluebaum, Matthias"]
[Result "1-0"]
[WhiteElo "2386"]
[BlackElo "2609"]
[Annotator "ChessBase"]
[PlyCount "143"]
[EventDate "2021.12.29"]
[EventType "swiss"]
[EventCountry "POL"]
[Tiebreak "Cut1 Buchholz"]
[SourceTitle "playchess.com"]
[Source "ChessBase"]
[SourceQuality "1"]

1. e4 e6 2. d4 d5 3. e5 c5 4. c3 Nc6 5. Nf3 Nge7 6. Be2 Nf5 7. dxc5 Bxc5 8. O-O
O-O 9. Bd3 h6 10. Nbd2 a5 11. Nb3 Bb6 12. a4 Nh4 13. Nbd4 Nxf3+ 14. Nxf3 f6 15.
Qe2 fxe5 16. Nxe5 Nxe5 17. Qxe5 Bc7 18. Qh5 Qf6 19. Be3 e5 20. Qg6 Qxg6 21.
Bxg6 Be6 22. Rad1 Rad8 23. Rd2 Rd7 24. Rfd1 Rfd8 25. Bc2 Kf7 26. f4 exf4 27.
Rf1 g5 28. g3 Ke7 29. gxf4 gxf4 30. Bxf4 Rg8+ 31. Rg2 Rxg2+ 32. Kxg2 d4 33.
cxd4 Bxf4 34. Rxf4 Rc7 35. Be4 Rc4 36. Bxb7 Rb4 37. Bf3 Rxa4 38. Kg3 Ra2 39. d5
Bd7 40. Re4+ Kf6 41. Re2 Ra4 42. Rd2 Rb4 43. Bd1 Ke5 44. b3 Rb5 45. Kh4 Be8 46.
Re2+ Kxd5 47. Rxe8 Kd4 48. Rc8 Kd3 49. Rd8+ Kc3 50. Rd6 h5 51. Rf6 Kd2 52. Rd6+
Kc3 53. Kg3 Rg5+ 54. Kf4 Rb5 55. h4 Rb4+ 56. Kg5 Rb5+ 57. Kg6 Kb2 58. Rd3 Kc1
59. Bxh5 Rb4 60. Rh3 Rb6+ 61. Kf7 Rb7+ 62. Ke6 Rb6+ 63. Kd7 Kd2 64. Be8 Rh6 65.
h5 Kc2 66. Bg6+ Kb2 67. Ke6 Rh8 68. h6 Ka3 69. h7 Kb4 70. Kf6 Rf8+ 71. Kg7 Rb8
72. Bf7 1-0

[Event "FIDE Open World Blitz 2021"]
[Site "Warsaw"]
[Date "2021.12.29"]
[Round "8.49"]
[White "Durarbayli, Vasif"]
[Black "Dudin, Gleb"]
[Result "1/2-1/2"]
[WhiteElo "2599"]
[BlackElo "2339"]
[Annotator "ChessBase"]
[PlyCount "168"]
[EventDate "2021.12.29"]
[EventType "swiss"]
[EventCountry "POL"]
[Tiebreak "Cut1 Buchholz"]
[SourceTitle "playchess.com"]
[Source "ChessBase"]
[SourceQuality "1"]

1. e4 e5 2. Nc3 Nf6 3. Bc4 c6 4. Nf3 d6 5. O-O Be7 6. Re1 O-O 7. d4 Nbd7 8. a4
Qc7 9. h3 b6 10. d5 Bb7 11. dxc6 Bxc6 12. b3 Nc5 13. Nd5 Qb7 14. Ba3 Ncxe4 15.
Rxe4 Nxe4 16. Nxe5 Bf6 17. Nxc6 Qxc6 18. f3 Ng5 19. Nxf6+ gxf6 20. Bd5 Qc3 21.
Bxa8 Rxa8 22. Rb1 Rc8 23. Bb2 Qxc2 24. Qxc2 Rxc2 25. Bxf6 Ne6 26. Rd1 Rc6 27.
b4 b5 28. axb5 Rb6 29. Ra1 Rxb5 30. Rxa7 h5 31. Rd7 Rxb4 32. Rxd6 Ra4 33. h4
Ra2 34. Rd5 Rxg2+ 35. Kf1 Rg6 36. Bb2 Rg3 37. Kf2 Rh3 38. Bf6 Rh2+ 39. Kg1 Rg2+
40. Kf1 Rg3 41. Kf2 Rg2+ 42. Ke3 Kh7 43. Ra5 Kg6 44. Bc3 Rh2 45. Be1 Rh1 46.
Bg3 Ng7 47. Rg5+ Kh7 48. Be5 Ne6 49. Rxh5+ Kg6 50. Rh8 f6 51. Bg3 Ng7 52. Kf2
Nf5 53. Rg8+ Kf7 54. Ra8 Rb1 55. Ra2 Nxg3 56. Kxg3 Rb4 57. Ra5 Kg6 58. h5+ Kh6
59. f4 Kg7 60. Kg4 Rc4 61. Ra7+ Kh6 62. Rf7 Rc6 63. Kf5 Rc5+ 64. Kg4 Rc6 65.
Kf5 Rc5+ 66. Kxf6 Kxh5 67. f5 Kh6 68. Re7 Rc6+ 69. Re6 Rc7 70. Ra6 Rb7 71. Re6
Ra7 72. Re7 Ra6+ 73. Re6 Ra7 74. Rb6 Rc7 75. Ke6 Kg7 76. f6+ Kg6 77. Rd6 Rf7
78. Ke5 Rf8 79. Re6 Rf7 80. Ra6 Rf8 81. Re6 Rf7 82. Rc6 Rf8 83. Rc1 Re8+ 84.
Kd6 Kxf6 1/2-1/2

[Event "FIDE Open World Blitz 2021"]
[Site "Warsaw"]
[Date "2021.12.29"]
[Round "8.50"]
[White "Teclaf, Pawel"]
[Black "Christiansen, Johan-Sebastian"]
[Result "1-0"]
[WhiteElo "2543"]
[BlackElo "2593"]
[Annotator "ChessBase"]
[PlyCount "80"]
[EventDate "2021.12.29"]
[EventType "swiss"]
[EventCountry "POL"]
[Tiebreak "Cut1 Buchholz"]
[SourceTitle "playchess.com"]
[Source "ChessBase"]
[SourceQuality "1"]

1. Nf3 d5 2. e3 Nf6 3. c4 e6 4. Nc3 Bd6 5. Qc2 O-O 6. cxd5 exd5 7. Nb5 Re8 8.
b3 c6 9. Nxd6 Qxd6 10. Bb2 Nbd7 11. Be2 a5 12. O-O Nf8 13. a3 Ng6 14. Rfc1 Bd7
15. Qc5 Qxc5 16. Rxc5 Ne4 17. Rc2 Nd6 18. Nd4 Ne5 19. f3 h6 20. Rcc1 f6 21. h3
Rec8 22. f4 Ng6 23. b4 Ne7 24. Nb3 axb4 25. axb4 Be8 26. Bg4 Rd8 27. Nc5 Rdb8
28. Be2 Kf7 29. g4 Nec8 30. Bd4 Ne7 31. Bd3 Kg8 32. Ne6 Rc8 33. Kf1 Bf7 34. Nc5
b5 35. Ke1 Rd8 36. Rxa8 Rxa8 37. Ra1 Rxa1+ 38. Bxa1 Nec8 39. Be2 Nb6 40. d3 Bg6
1-0

[Event "FIDE Open World Blitz 2021"]
[Site "Warsaw"]
[Date "2021.12.29"]
[Round "8.51"]
[White "Kosakowski, Jakub"]
[Black "Tang, Andrew"]
[Result "0-1"]
[WhiteElo "2340"]
[BlackElo "2588"]
[Annotator "ChessBase"]
[PlyCount "83"]
[EventDate "2021.12.29"]
[EventType "swiss"]
[EventCountry "POL"]
[Tiebreak "Cut1 Buchholz"]
[SourceTitle "playchess.com"]
[Source "ChessBase"]
[SourceQuality "1"]

1. e4 e5 2. Nf3 Nc6 3. Bb5 g6 4. O-O Bg7 5. c3 a6 6. Ba4 b5 7. Bb3 Na5 8. Bc2
Ne7 9. d4 exd4 10. cxd4 O-O 11. Nc3 d6 12. h3 Bb7 13. Re1 c5 14. Bf4 Nc4 15.
Rb1 cxd4 16. Nxd4 Qb6 17. Nde2 Rad8 18. b3 Na3 19. Rc1 d5 20. exd5 Nxd5 21.
Nxd5 Rxd5 22. Bd3 Qd8 23. Bc7 Qd7 24. Nf4 Rd4 25. Qe2 Bh6 26. Be5 Bxf4 27. Bxd4
Qxd4 28. Rcd1 Qf6 29. Be4 Bc8 30. Qf3 b4 31. Bd5 Be5 32. Qe3 Bc3 33. Re2 Kg7
34. Bf3 Nb5 35. Qc5 Nd4 36. Re3 Nf5 37. Red3 Be6 38. a3 Rc8 39. Qa5 bxa3 40.
Qxa3 Nd4 41. Qxa6 Nxb3 42. Re3 0-1

[Event "FIDE Open World Blitz 2021"]
[Site "Warsaw"]
[Date "2021.12.29"]
[Round "8.52"]
[White "Thybo, Jesper Sondergaard"]
[Black "Antipov, Mikhail Al."]
[Result "1-0"]
[WhiteElo "2195"]
[BlackElo "2587"]
[Annotator "ChessBase"]
[PlyCount "79"]
[EventDate "2021.12.29"]
[EventType "swiss"]
[EventCountry "POL"]
[Tiebreak "Cut1 Buchholz"]
[SourceTitle "playchess.com"]
[Source "ChessBase"]
[SourceQuality "1"]

1. d4 Nf6 2. c4 g6 3. Nc3 d5 4. Nf3 Bg7 5. Bg5 Ne4 6. Bf4 Nxc3 7. bxc3 c5 8.
cxd5 Qxd5 9. e3 Nc6 10. Be2 cxd4 11. cxd4 Qa5+ 12. Qd2 O-O 13. Qxa5 Nxa5 14.
Bd3 Be6 15. Ke2 Rfc8 16. Rhc1 a6 17. Rc7 Rxc7 18. Bxc7 Nc6 19. a3 Rc8 20. Bb6
Nb8 21. Bc5 Bf8 22. a4 Nd7 23. Bb4 Bc4 24. Rb1 b5 25. Bxc4 bxc4 26. Ba3 e6 27.
Bxf8 Kxf8 28. Rb7 Ke8 29. Kd2 Nf6 30. Ng5 h6 31. Nxf7 Ne4+ 32. Kc2 Rc6 33. f3
Nf6 34. Ne5 Rc8 35. e4 g5 36. Rb6 Ke7 37. Rxa6 Nh5 38. g3 Nf6 39. Ra7+ Ke8 40.
a5 1-0

[Event "FIDE Open World Blitz 2021"]
[Site "Warsaw"]
[Date "2021.12.29"]
[Round "9.1"]
[White "Volokitin, Andrei"]
[Black "Kanarek, Marcel"]
[Result "1-0"]
[WhiteElo "2656"]
[BlackElo "2342"]
[Annotator "ChessBase"]
[PlyCount "55"]
[EventDate "2021.12.29"]
[EventType "swiss"]
[EventCountry "POL"]
[Tiebreak "Cut1 Buchholz"]
[SourceTitle "playchess.com"]
[Source "ChessBase"]
[SourceQuality "1"]

1. e4 c5 2. Nf3 e6 3. d4 cxd4 4. Nxd4 Nf6 5. Nc3 Nc6 6. Nxc6 bxc6 7. e5 Nd5 8.
Ne4 Rb8 9. a3 Qa5+ 10. Bd2 Qc7 11. f4 Rxb2 12. c4 Nxf4 13. Bxf4 Qa5+ 14. Nd2 g5
15. Bg3 Bg7 16. Rb1 Bxe5 17. Rxb2 Bxb2 18. Bd3 Qxa3 19. Ne4 d5 20. Nd6+ Ke7 21.
O-O Qc5+ 22. Kh1 Rf8 23. Qh5 Bf6 24. Qh6 Qd4 25. Nxc8+ Rxc8 26. Rxf6 Qxd3 27.
Qxg5 Qb1+ 28. Rf1+ 1-0